| 000 | 00727cab a2200229 4500 | ||
|---|---|---|---|
| 001 | WB3438-38 | ||
| 008 | 090401t1998 xxu||||| |||| 00| 0 eng d | ||
| 035 | _a(Sirsi) u88856 | ||
| 041 | _aeng | ||
| 245 | _aLondon`s mayor to levy car park tax | ||
| 260 | _c1998 | ||
| 350 | _a0 | ||
| 490 |
_aSunday Telegraph _v4 October 1998, 6(1) |
||
| 520 | _aThe Mayor of London will have the legal power to levy a charge on company parking spaces. Legislative powers may be introduced to extend the initiative country-wide. | ||
| 650 | _aCOMPANY CARS | ||
| 650 | _aMAYOR OF LONDON | ||
| 650 | _aPARKING SPACES | ||
| 650 | _aTRAFFIC CONGESTION | ||
| 690 | _aTRANSPORT AND COMMUNICATIONS | ||
| 942 | _n0 | ||
| 948 | _c06/10/1998 | ||
| 999 |
_c56192 _d56192 |
||